Magnificent Quest, Isa Charan Sada (Record no. 6480)

MARC details
000 -LEADER
fixed length control field 00634nam a2200253 a 4500
020 ## - INTERNATIONAL STANDARD BOOK NUMBER
ISBN
082 00 - DEWEY DECIMAL CLASSIFICATION NUMBER
Classification number 891.4391
Author Cutter ANA
100 ## - MAIN ENTRY--AUTHOR NAME
Author name Anand, Shahla
245 ## - TITLE STATEMENT
Title Magnificent Quest, Isa Charan Sada
Sub title Urdu Poet and Milton Scholar
260 ## - PUBLICATION, DISTRIBUTION, ETC. (IMPRINT)
Place of publication Delhi
Name of publisher ISPCK
Year of publication 1986
300 ## - PHYSICAL DESCRIPTION
Number of Pages 509p
500 ## - GENERAL NOTE
General note includes index and biblioraphy
505 2# - FORMATTED CONTENTS NOTE
Formatted contents note Index, Addenda
650 ## - SUBJECT ADDED ENTRY--TOPICAL TERM
Topical Term Sada-Isa Charan
650 ## - SUBJECT ADDED ENTRY--TOPICAL TERM
Topical Term Urdu-Poetry
942 ## - ADDED ENTRY ELEMENTS (KOHA)
Koha item type Books
700 1# -
-- Anand, Shahla
Holdings
Collection code Home library Current library Date acquired Cost, normal purchase price Full call number Accession Number Koha item type
  Henry Martyn Institute Library Henry Martyn Institute Library 06/22/2007 65.00 891.4391 ANA 012560 Books
                   Copyright © 2026 | Henry Martyn Institute | Hyderabad | TS-500052 | INDIA | Implemented by hmi.edu.in
Hit-Count:

Powered by Koha